000 00735nam a22002177a 4500
005 20130801150344.0
008 130801b1998 xxu||||| |||| 00| 0 spa d
020 _a1559636122
041 _aeng
044 _axxu
082 _a333.95
_bM329m
100 1 0 _aMargoluis, Richard
_91181
245 _aMeasures of success
_bDisignin, managing, and monitoring conservation and development projects
_cRichard Margoluis and Nick Salafsky
260 _aWashington
_bIsland Press.
_c1998
300 _a362 p.
_bil., tablas
_c28 cm.
650 _aBiological diversity conservation
_91182
650 _aConservation projects
_xNatural resources
_91183
700 _aSalafsky, Nick
_91184
700 _aBalla, Ana
_dIl.
_91185
942 _2ddc
_cImpreso
999 _c7505
_d7505